[Event "EU-ch 1st"]
[Site "Saint Vincent"]
[Date "2000.07.14"]
[Round "11"]
[White "Aleksandrov, Aleksej"]
[Black "Tregubov, Pavel V"]
[Result "0-1"]
[WhiteElo "2591"]
[BlackElo "2620"]
[Annotator "Knaak,R"]
[PlyCount "60"]
[EventDate "2000.07.03"]
[EventType "swiss"]
[EventRounds "11"]
[EventCountry "ITA"]
[SourceTitle "CBM 078"]
[Source "ChessBase"]
[SourceDate "2000.10.18"]
[SourceVersion "1"]
[SourceVersionDate "2000.10.18"]
[SourceQuality "1"]

{[%mdl 2]} 1. d4 d5 2. c4 e6 3. Nc3 c6 4. e3 Bd6 5. Bd3 f5 6. f4 Nf6 7. Nf3 O-O
8. O-O Kh8 9. Ne5 {Turniertaktisch gesehen schlecht.} ({Nach} 9. c5 Bc7 10. b4
{ist die Stellung zu und allenfalls kann Weiß noch etwas unternehmen.}) 9... c5
$1 10. cxd5 $6 {Die Läufer auf c1 und c8 sind ja nicht die besten; nun erlangt
der Bc8 schon mal etwas Freiheit.} exd5 11. Qf3 $2 {Der Zug leistet nichts für
die Entwicklung und sollte am besten durch 11.Bd2 ersetzt werden.} Nc6 12. Ne2
Ne4 13. b3 Qb6 $1 {Hindert Weiß an der Entwicklung des Bc1.} 14. Qh5 ({Auf} 14.
Bb2 {ist es vor allem} c4 $1 {, was dem Weißen Kummer bereiten würde.}) 14...
Bxe5 15. dxe5 $6 ({Ich denke, dass eine letzte praktische Spielchance in dem
Bauernopfer} 15. fxe5 {bestand.} cxd4 16. exd4 Nxd4 ({oder} 16... Nxe5 {
kommt Weiß endgültig mit seinem Läufer c1 raus, der sogar recht stark wird.}
17. Ba3)) 15... Be6 16. Rd1 a5 17. g4 {Eine verzweifelte Flucht nach vorn.}
Rad8 18. Ng3 c4 $1 {Schwarz steht endgültig auf Gewinn.} 19. bxc4 dxc4 20. Be2
Rxd1+ 21. Bxd1 Qb4 $1 {Gewinnt Material.} 22. Kg2 Nxg3 23. hxg3 Qc3 24. gxf5
Bxf5 25. Qe2 Qxa1 26. Qxc4 Nxe5 27. fxe5 Rc8 28. Qf4 Qxa2+ 29. Kf3 Qd5+ 30. Kf2
Qxd1 0-1

[Event "FIDE World Cup"]
[Site "Tromsoe"]
[Date "2013.08.21"]
[Round "4.2"]
[White "Korobov, Anton"]
[Black "Nakamura, Hikaru"]
[Result "1-0"]
[WhiteElo "2720"]
[BlackElo "2772"]
[Annotator "Krasenkow,M"]
[PlyCount "93"]
[EventDate "2013.08.11"]
[EventType "k.o."]
[EventRounds "7"]
[EventCountry "NOR"]
[SourceTitle "CBM 156"]
[Source "ChessBase"]
[SourceDate "2013.09.17"]
[SourceVersion "1"]
[SourceVersionDate "2013.09.17"]
[SourceQuality "1"]

1. d4 d5 2. c4 c6 3. Nc3 e6 4. e3 Nd7 5. Nf3 f5 6. Bd3 Nh6 {One of possible
setups for Black in the "Semi-Slav Stonewall"; however, it is slightly passive.
} 7. Qc2 (7. cxd5 exd5 {was the idea of Black's last move.}) (7. h3 Bb4 8. g4
O-O 9. g5 Nf7 10. Rg1 {is premature due to} e5 $1 11. Bxf5 e4 12. Nh4 Nde5 $1
13. Bxh7+ Kxh7 14. Qh5+ Kg8 15. dxe5 Nxe5 $19 {1-0 (47) Fiorito,F (2435)-Vera
Gonzalez Quevedo,R (2465) Guarapuava 1991}) (7. Ne5 Nxe5 8. dxe5 Ng4 9. f4 d4
10. exd4 Qxd4 11. Qe2 {1/2 (37) Beni,A-Kinzel,A Vienna 1952} b6 12. h3 Nf2 $1
$15) (7. b3 Bd6 8. Bb2 {- this plan is hardly dangerous as Black firmly
controls the crucial e5-square:} O-O 9. O-O (9. Qc1 Qe7 10. Ne2 Nf7 11. cxd5
cxd5 12. O-O b6 13. a4 a5 14. Ba3 Ba6 15. Bxa6 Rxa6 16. Nf4 g5 17. Nd3 Raa8 18.
Bxd6 Qxd6 19. Qb2 Rfc8 $11 {1/2 (40) Levin,E (2508)-Popov,V (2557) St
Petersburg RUS 2013}) 9... Qe7 (9... Nf6 10. Ne2 Ne4 11. Ne5 Nf7 12. f3 Nf6 13.
Rc1 g6 14. c5 Be7 15. b4 $14 {1-0 (53) Golombek,H-Erdelyi,S Trencianske
Teplice 1949}) (9... g5 10. Ne2 g4 11. Ne5 Qc7 12. Nxd7 Bxd7 {0-1 (34)
Yewdokimov,O (2380)-Vera Gonzalez Quevedo,R (2495) Oviedo 1992} 13. Nf4 $14 {
[%cal Yf2f3]}) (9... Rf6 10. Qc2 Nf7 {0-1 (40) Aronian,L (2825)-Morozevich,A 
(2769) Moscow 2012 CBM 149 [Ramirez Alvarez]} 11. cxd5 $1 exd5 12. Ne2 $14) 10.
a4 Kh8 11. Qc1 dxc4 12. Bxc4 e5 13. dxe5 Nxe5 14. Nxe5 Qxe5 15. g3 Qe7 16. Ba3
Be6 17. Bxd6 Qxd6 18. Rd1 Qe7 $11 {1-0 (47) Savchenko,S (2571)-Richter,M (2399)
Istanbul 2007}) (7. O-O Bd6 8. Rb1 Qe7 9. a3 O-O 10. b4 e5 11. dxe5 Nxe5 12.
Nxe5 Bxe5 13. Qc2 Be6 $11 {1/2 (43) Kalinitschew,S (2469)-Richter,M (2411)
Berlin 2008}) (7. Rb1 $5 Bd6 8. b4 O-O 9. b5 Kh8 10. bxc6 bxc6 11. O-O Ba6 12.
cxd5 Bxd3 13. Qxd3 cxd5 14. Qa6 $14 {1-0 (33) Figura,A (2349)-Meister,J (2480)
Berlin 2012}) 7... a6 $6 {Hardly a necessary move.} (7... Qf6 {[%csl Rf6]} 8.
b3 (8. Bd2 Bd6 9. h3 O-O 10. O-O-O Kh8 {1-0 (55) Lont,A (2335)-Van der Vorm,T 
(2405) Netherlands 1996} 11. Ne2 $36) 8... Bd6 9. Bb2 O-O 10. O-O-O b6 11. h3
Qe7 12. g4 dxc4 13. bxc4 Bb7 14. Rhg1 fxg4 15. Bxh7+ Kh8 16. hxg4 Rxf3 17. g5
Nf7 18. Rh1 $40 {1/2 (34) Prystensky,A (2425)-Hedrera,M (2432) corr CAPA 1998})
(7... Bd6 {is quite possible:} 8. Bd2 $5 (8. cxd5 exd5 9. b3 (9. Bxf5 $2 Nxf5
10. Qxf5 Ne5 11. Qc2 Nxf3+ 12. gxf3 O-O $17) 9... Qe7 10. Bb2 Nf6 11. h3 Ne4
12. O-O-O Nf7 13. Kb1 Ba3 14. Ba1 Bd7 15. Ne5 O-O 16. Nxd7 Qxd7 17. g4 {
0-1 (56) Udovcic,M-Kinzel,A Venice 1953} Nfd6 $11) (8. b3 O-O 9. Bb2 Qe7 (9...
Kh8 10. h3 a6 $5 11. O-O-O b5 12. c5 Bc7 13. Ne2 Qf6 14. Kb1 a5 15. a3 Ba6 16.
b4 axb4 17. axb4 Ra7 18. Qc3 Nf7 19. Kc2 Rfa8 20. Ra1 Kg8 $11 {0-1 (28)
Kortschnoj,V (2639)-Popov,V (2545) St Petersburg 2001}) 10. O-O-O (10. h3 Kh8
11. O-O-O dxc4 12. Bxc4 {1-0 (34) Simagin,V-Terpugov,E Moscow 1951} b5 13. Bd3
Bb7 $132) 10... a6 $5 (10... dxc4 11. Bxc4 b5 12. Bd3 e5 (12... Bb7 $5 {
[%cal Yb5b4,Yc6c5]} 13. e4 b4 14. Na4 c5 $1) 13. e4 exd4 14. Nxd4 Ne5 15. exf5
Nxd3+ 16. Qxd3 Bf4+ 17. Kb1 Bxf5 18. Nxf5 Nxf5 {0-1 (44) Rasic,G (2246)
-Colovic,D (2374) Vrnjacka Banja 2004} 19. Rhe1 $14) (10... b6 11. Kb1 Bb7 12.
h3 Rac8 13. Qe2 dxc4 14. Bxc4 b5 15. Bd3 {1-0 (57) Balashov,Y (2477)-Fotin,V 
(2265) Izhevsk RUS 2013} Nb6 $132 {[%cal Rb5b4]}) 11. Kb1 b5 12. cxd5 $6 (12.
c5 Bc7 13. h3 $13) 12... cxd5 13. h3 Bb7 14. Rc1 Rac8 15. Qd1 Nf6 16. Ne5 Ne4
17. Qe2 Nf7 $36 {1/2 (39) Lehmann,H (2290)-Bagirov,V (2510) Berlin 1994}) 8...
O-O 9. O-O-O e5 $6 (9... a6 $5) (9... Nf6 $5) 10. dxe5 Nxe5 11. Nxe5 Bxe5 {
1-0 (42) Di Berardino,D (2490)-Matsuura,E (2483) Guarapari 2012} 12. cxd5 $16)
8. h3 $1 {[%cal Yg2g4] This plan, combined with long castling, is probably the
most appropriate after ...Ng8-h6.} (8. O-O Bd6 9. Rb1 Qe7 10. Bd2 O-O 11. b4
Kh8 12. cxd5 exd5 13. Na4 {1-0 (28) Filip,M-Szabo,L Marianske Lazne 1961} Nf6
$1 $11 14. Nb6 $140 Rb8 15. Nxc8 $6 Rbxc8 16. Bxf5 Nxf5 17. Qxf5 Ne4) 8... Qf6
9. Be2 $5 {Not a bad idea. White loses a tempo but keeps preparing g2-g4.} Nf7
10. g4 g6 (10... dxc4 11. e4 $1 $36) 11. gxf5 Qxf5 (11... gxf5 12. Rg1 {
[%cal Gg1g8]}) 12. e4 (12. Qxf5 gxf5 13. Rg1 {, without queens, may be
insufficient for a real advantage.}) 12... dxe4 13. Nxe4 Nf6 (13... Bb4+ 14.
Bd2 Bxd2+ 15. Nfxd2 O-O 16. Bg4 Qf4 17. Qc3 e5 18. Qe3 $14) 14. Nxf6+ Qxf6 15.
Bd2 $6 ({After} 15. Be3 {White obviously feared} Bb4+ 16. Nd2 e5 {; however,
it was quite good for him after} 17. O-O-O $1 Bf5 (17... exd4 18. Ne4) 18. Ne4
Qe7 19. d5 Rc8 (19... cxd5 20. Rxd5) 20. Bg4 $1 cxd5 $140 21. Rxd5 b5 22. c5 $1
) 15... Bg7 16. O-O-O O-O 17. Bb4 Re8 {[%cal Ye6e5]} 18. Ne5 $6 {This pawn
sacrifice is not dangerous but it had a strange effect: Black decided to reply
in an unorthodox way!} b6 $6 (18... Nxe5 19. dxe5 Qxe5 20. Bd6 Qf6 21. f4 e5 $1
22. fxe5 (22. Bxe5 Qf5) 22... Qf4+ 23. Kb1 Bxe5 {, and it is not easy for
White to prove his compensation.}) 19. Ng4 Qf5 $6 (19... Qf4+ $142 20. Bd2 Qc7
{[%cal Ye6e5]}) 20. Bd3 Qh5 (20... Qf4+ 21. Bd2 Qd6 ({or} 21... Qc7) {is
already too late; White's bishop is much more active, and he starts an attack
by means of} 22. Rhg1 {[%cal Rd3g6]}) 21. f4 Bb7 (21... c5 22. Be4 $16) 22. c5
$1 {[%csl Rb7][%mdl 32] Sealing up Black's bishop.} b5 (22... a5 $142 23. Bc3
b5 ({but not} 23... bxc5 24. dxc5 Qxc5 $2 25. Bxg6 $3 $18)) 23. Ba5 $1 {
[%csl Ga5] Black's position is completely passive.} Re7 24. Be4 Rf8 25. Bf3 Qf5
26. Qxf5 {White decides to convert his advantage in the endgame.} exf5 27. Ne5
Rc8 (27... Bh6 28. Nxc6 Bxf4+ 29. Kb1 {[%csl Gc5,Gd4]}) 28. Rde1 (28. h4 $1 {
is probably more accurate.}) 28... Bh6 29. Bd2 Nd8 (29... Nxe5 30. fxe5 $5 Kg7
31. Bxh6+ Kxh6 32. Kd2 $16) 30. Bd1 $1 Ne6 31. Bb3 Rce8 32. h4 $1 {White
starts a decisive assault.} Kg7 33. Bxe6 {Getting rid of Black's only active
piece.} Rxe6 34. h5 {The rest is easy.} Rh8 35. Kc2 Kg8 36. Rhg1 Bg7 37. hxg6
hxg6 38. Nxg6 Rxe1 39. Rxe1 Rh7 40. Ne7+ Kf7 41. d5 $1 cxd5 42. c6 Ba8 43. c7
Bb7 44. c8=Q Bxc8 45. Nxc8 Rh6 46. Ne7 Rh2 47. b4 1-0

[Event "Olympiad-33"]
[Site "Elista"]
[Date "1998.09.30"]
[Round "2.1"]
[White "Efimov, Igor"]
[Black "Lautier, Joel"]
[Result "0-1"]
[WhiteElo "2530"]
[BlackElo "2625"]
[Annotator "Lautier,J"]
[PlyCount "84"]
[EventDate "1998.09.29"]
[EventType "team-swiss"]
[EventRounds "13"]
[EventCountry "RUS"]
[SourceTitle "CBM 068"]
[Source "ChessBase"]
[SourceDate "1999.02.01"]
[SourceVersion "1"]
[SourceVersionDate "1999.02.01"]
[SourceQuality "1"]
[WhiteTeam "Italy"]
[BlackTeam "France"]
[WhiteTeamCountry "ITA"]
[BlackTeamCountry "FRA"]

1. d4 d5 2. c4 e6 3. Nf3 c6 4. e3 Bd6 5. Bd3 f5 6. O-O Nf6 7. b3 Qe7 8. Bb2 b6
9. Nc3 O-O 10. Qc2 $6 (10. Ne2 $142) 10... Ne4 11. Ne2 Bb7 12. Ne5 Na6 (12...
Bxe5 13. dxe5 Na6 14. cxd5 exd5 $5 (14... cxd5 15. Nd4 Nb4 16. Qe2 Nxd3 (16...
Nc5 17. Bb5 a6 18. a3 $1 $14) 17. Qxd3 Rfc8 18. Rfc1 $11 (18. f3 Nc5 19. Qd2
Ba6 {/\ Nd3}))) 13. a3 (13. cxd5 $6 Nb4 14. Qd1 cxd5 $15) (13. f3 Nb4 14. Qd1
Nxd3 15. Qxd3 Nf6 $11) 13... Bxe5 14. dxe5 Nac5 15. cxd5 (15. f3 $6 Nxd3 16.
Qxd3 dxc4 17. bxc4 Rad8 $15) 15... exd5 $1 (15... cxd5 16. b4 $1 Nxd3 17. Qxd3
a5 18. Nd4 Rfc8 (18... axb4 $6 19. axb4 Rxa1 20. Rxa1 Qxb4 21. Ba3 Qa4 22. Nxe6
$36) 19. f3 Ng5 20. bxa5 Ba6 21. Nb5 bxa5 22. a4 $11 (22. Rfc1 a4 $36)) 16. Nf4
Nxd3 (16... Nd7 $2 17. f3 Ng5 18. h4 $1 $16 {/\ Bf5} (18. Bxf5 $2 Nxe5 19. h4
Nexf3+ $1 $19)) 17. Nxd3 Ng5 $1 $15 18. Rfd1 $6 (18. Nf4 Ne6 19. Nxe6 Qxe6 20.
b4 $15) 18... Ne6 19. Rd2 c5 20. Rc1 Rac8 (20... d4 21. exd4 cxd4 (21... Qg5 $2
22. f4 $1 Nxf4 23. Nxf4 Qxf4 24. d5 $16) 22. Qd1 Qg5 23. f4 Nxf4 24. Nxf4 Qxf4
25. Rc7 $1 $132 {/\ Bd4}) (20... f4 21. Nxf4 Nxf4 22. exf4 Rxf4 23. b4 $1 $132)
(20... a5 $142 $5 {/\! b4} 21. Qd1 (21. b4 $2 axb4 22. axb4 c4 $17) 21... Rad8
$15 {/\ d4}) 21. Qd1 d4 (21... f4 22. Qg4 $1 fxe3 23. fxe3 Ba6 24. Nf4 $132) (
21... Qg5 22. f4 Qg6 23. b4 $132) (21... Rfd8 22. Qh5 $132) 22. exd4 Nxd4 (
22... cxd4 $6 23. Rxc8 Rxc8 24. Rc2 $11) 23. Bxd4 (23. b4 $142 Ne6 (23... Qg5
$2 24. f4 Qg6 25. Bxd4 cxd4 26. Rxc8 Rxc8 27. Ne1 $16) 24. bxc5 bxc5 25. Qb3
Rfd8 $15 (25... c4 $2 26. Rxc4 Bd5 27. Qb4 $16)) 23... cxd4 24. Rdc2 (24. b4
Be4 25. Qb3+ Kh8 $15) 24... Rxc2 25. Qxc2 Be4 $1 26. Qc4+ (26. Re1 $6 Qxe5 $1
27. Qc4+ Qd5 $17) 26... Kh8 27. Nf4 (27. Qxd4 $2 Qg5 28. f3 Bxd3 29. Qxd3 Qxc1+
$19) (27. Re1 Rd8 $15) 27... Qxe5 28. Qc7 $2 (28. Qf7 $2 Qd6 $1 $17) (28. Qe6
$2 Qb8 $1 (28... Qxf4 $2 29. Rc8 $1 Qd6 30. Qxd6 Rxc8 31. f3 $16) 29. Qe7 Re8
$17) (28. Ne6 $1 Bd5 29. Qb4 (29. Qc8 Rg8 $19) 29... Re8 30. Nxd4 Qe4 (30... a5
$2 31. Qd2 $11) 31. Nf3 Qxb4 32. axb4 Bxb3 33. Nd4 $15 Bd5 34. Nxf5 a5 $15)
28... Qf6 (28... Qxc7 $2 29. Rxc7 d3 30. Rd7 $14) (28... Qe8 $6 29. Qxa7 $36)
29. f3 d3 $1 30. Qd7 (30. fxe4 $2 Qd4+ 31. Kf1 (31. Kh1 d2 32. Rd1 Qe3 $19)
31... fxe4 $19) 30... Bxf3 $1 31. Rc8 (31. gxf3 $2 Qg5+ 32. Kf2 Qxf4 33. Rc8
Qxh2+ 34. Ke3 Qe2+ 35. Kd4 (35. Kf4 g5+ 36. Kg3 (36. Kxg5 Qd2+ 37. Kh5 Qh2+ 38.
Kg5 Qg3+ 39. Kh5 Qxf3+ 40. Kh6 Qf4+ $19) 36... f4+ 37. Kg4 Qg2+ 38. Kh5 Qxf3+
$19) 35... Qb2+ 36. Kxd3 Qxb3+ 37. Kd2 Qg8 $19) 31... Bb7 $3 (31... Be4 $2 32.
Ne6 $1 Qa1+ 33. Kf2 Qb2+ 34. Ke3 Qe2+ 35. Kd4 Qf2+ 36. Ke5 Qb2+ 37. Kd6 Qxa3+
38. Kc7 Qc1+ 39. Kd6 Qa3+ $11) 32. Rxf8+ (32. Qxb7 Qd4+ $19) (32. Rc7 Rd8 $19)
32... Qxf8 33. Nxd3 (33. Qxb7 Qc5+ 34. Kf1 Qc1+ $19) (33. Ne6 Bc8 $1 34. Nxf8
Bxd7 35. Nxd7 d2 $19) 33... Qc8 $1 (33... Be4 34. Nf4 Qc5+ 35. Kf1 Qc1+ 36. Ke2
$132) 34. Qd4 $2 (34. Qxc8+ Bxc8 35. Kf2 Kg8 $17) 34... h6 $19 35. h4 Be4 36.
Ne5 Qc1+ 37. Kf2 Kh7 38. g3 Qc2+ 39. Ke3 Qg2 (39... Qxb3+ 40. Kf4 Qxa3 $19) 40.
Qd6 Qxg3+ 41. Kd4 Qf2+ 42. Kc4 f4 0-1

[Event "Ticino op"]
[Site "Ticino"]
[Date "1994.??.??"]
[Round "4"]
[White "Legky, Nikolay A"]
[Black "Kaenel, Hansjuerg"]
[Result "1-0"]
[WhiteElo "2510"]
[BlackElo "2380"]
[Annotator "Legky,N"]
[PlyCount "67"]
[EventDate "1994.??.??"]
[EventType "swiss"]
[EventRounds "7"]
[EventCountry "SUI"]
[SourceTitle "CBM 044"]
[Source "ChessBase"]
[SourceDate "1995.02.01"]
[SourceVersion "1"]
[SourceVersionDate "1995.02.01"]
[SourceQuality "1"]

1. d4 d5 2. c4 e6 3. Nc3 f5 4. cxd5 exd5 5. e4 $1 dxe4 6. Bc4 Nf6 $5 7. Nh3 c6
$1 8. Qb3 (8. Ng5 Nd5 9. Qb3 (9. Ngxe4 fxe4 10. Qh5+ Kd7 $13) 9... h6 10. Nxd5
(10. Nh3 $13) 10... cxd5 11. Bxd5 hxg5 12. Bf7+ Kd7 13. Qe6+ Kc7 14. Qc4+ Nc6
$13) 8... Be7 $1 (8... h6 9. Nf4 $16) (8... Qe7 $6) 9. Bf7+ Kf8 10. Ng5 Qb6 $1
11. Be6 $2 (11. Bg8 $1 Qxb3 12. Bxb3 $44) 11... Na6 $1 $8 12. O-O Qxb3 $17 13.
axb3 $5 h6 14. Nf7 Rg8 (14... Bxe6 15. Nxh8 Bxb3 $15) 15. Bxc8 Rxc8 16. Ne5 g5
$1 17. Nc4 (17. f3 exf3 18. Nxf3 f4 $17) 17... Rc7 18. Ra5 $5 f4 19. Re5 Rd7
20. Rd1 Nb4 $1 21. Nxe4 Nc2 22. Bd2 Nxe4 $1 (22... Nxd4 $6 23. Rxe7 Kxe7 24.
Bb4+ Kd8 25. Nxf6 Nf3+ 26. gxf3 Rxd1+ 27. Kg2 $13) 23. Rxe4 Nxd4 24. Rde1 Nxb3
25. Bc3 Nc5 26. Ne5 (26. R4e2 $5) 26... Rc7 (26... Nxe4 $1 27. Nxd7+ Ke8 28.
Nf6+ Bxf6 $1 29. Bxf6 Kf7 30. Bd4 c5 31. Rxe4 cxd4 32. Rxd4 $17) 27. Rd4 $44 b6
28. h4 Ne6 29. Rde4 Nc5 30. Rd4 Rg7 31. h5 $16 Kg8 32. Ng6 Rf7 (32... Rh7 $32)
33. Rd8+ $1 Bxd8 (33... Bf8 34. Ree8 Nd7 35. Be5 $18) 34. Re8+ 1-0

[Event "Danzhou 3rd"]
[Site "Danzhou"]
[Date "2012.05.30"]
[Round "2"]
[White "Zhou, Jianchao"]
[Black "Zhou, Weiqi"]
[Result "1/2-1/2"]
[WhiteElo "2609"]
[BlackElo "2624"]
[Annotator "Let's Check"]
[PlyCount "95"]
[EventDate "2012.05.29"]
[EventType "tourn"]
[EventRounds "9"]
[EventCountry "CHN"]
[EventCategory "16"]
[SourceTitle "CBM 149"]
[Source "ChessBase"]
[SourceDate "2012.07.17"]
[SourceVersion "1"]
[SourceVersionDate "2012.07.17"]
[SourceQuality "1"]

1. d4 f5 2. Nf3 Nf6 3. e3 e6 4. Bd3 d5 5. O-O Bd6 6. c4 c6 7. b3 Qe7 8. Bb2 O-O
9. Nc3 Ne4 10. Ne2 Nd7 11. Ne5 Nxe5 12. dxe5 Ba3 13. Bxa3 Qxa3 14. Qc1 Qe7 15.
f4 Bd7 16. Bxe4 fxe4 17. c5 b6 18. Qa3 a5 19. Rac1 Rf7 20. Nd4 g5 21. b4 Rff8
22. f5 exf5 23. e6 bxc5 $6 (23... axb4 24. Qxb4 bxc5 $11) 24. bxc5 $6 (24. b5
cxb5 25. Qxc5 $16) 24... Bxe6 $15 25. Nxc6 Qf6 26. Nd4 f4 27. c6 Bg4 $6 (27...
Qe5 28. Rc5 f3 $11) 28. c7 $16 Bd7 29. Rc5 Qd6 30. Qc3 a4 31. Nc6 fxe3 32. Re1
Rae8 33. Nd4 g4 34. Ne2 Rc8 35. Rc1 g3 36. Nxg3 Qf4 (36... h6 37. Qxe3 Rf7 $16)
37. Rxd5 $18 Be6 38. Rd8 $4 (38. Rf1 $1 Qh4 39. Rxf8+ $18) 38... Qf2+ 39. Kh1
e2 40. Rxc8 Rxc8 41. h3 Bxh3 $1 (41... Rxc7 $2) 42. gxh3 Rxc7 43. Qxc7 Qf3+ 44.
Kg1 Qe3+ 45. Kg2 Qf3+ 46. Kg1 Qe3+ 47. Kg2 Qf3+ 48. Kg1 1/2-1/2

[Event "Olympiad-32"]
[Site "Yerevan"]
[Date "1996.09.20"]
[Round "5.2"]
[White "Portisch, Lajos"]
[Black "Haba, Petr"]
[Result "1-0"]
[WhiteElo "2600"]
[BlackElo "2485"]
[Annotator "Makarichev,S"]
[PlyCount "55"]
[EventDate "1996.09.15"]
[EventType "team-swiss"]
[EventRounds "14"]
[EventCountry "ARM"]
[SourceTitle "CBM 055"]
[Source "ChessBase"]
[SourceDate "1996.12.01"]
[SourceVersion "1"]
[SourceVersionDate "1996.12.01"]
[SourceQuality "1"]
[WhiteTeam "Hungary"]
[BlackTeam "Czech Republic"]
[WhiteTeamCountry "HUN"]
[BlackTeamCountry "CZE"]

1. d4 d5 2. c4 e6 3. Nc3 c6 4. e3 f5 5. g4 Nf6 6. gxf5 exf5 7. Qb3 dxc4 8. Bxc4
Qe7 $6 (8... Bd6 $1 9. Nf3 (9. Bf7+ Ke7 10. Bc4 (10. Nf3 b5 $15 {xf7/}) 10...
b5 11. Be2 Be6 $132) 9... Qe7 10. Bd2 b5 11. Bd3 Be6 12. Qc2 b4 13. Na4 Bd5 $40
{Ovseevich,S-Guliev,S/Nikolaev zt/1995/}) 9. Nh3 $1 b5 10. Bd3 g6 (10... Be6
11. Qc2 g6 12. Nf4 Bf7 13. Bd2 $16) 11. Nf4 Bh6 12. Nce2 $1 {xf4,e6/} g5 13.
Ng2 Be6 14. Qc2 Bd5 (14... Qd7 15. Ng3 f4 (15... Qd5 $2 16. Bxf5 Bxf5 17. Qxf5
$18) 16. exf4 gxf4 17. Bxf4 Bxf4 18. Nxf4 $18) 15. O-O $1 Ne4 16. Nc3 Nxc3 $8
17. bxc3 O-O (17... Be4 18. f3 Bxd3 19. Qxd3 O-O 20. e4 f4 21. a4 $18 {
/\Bc1-a3/}) 18. Bxf5 Rxf5 $5 19. Qxf5 Nd7 20. f3 $1 $18 Rf8 21. Qh3 Bg7 22. e4
Bc4 23. Bd2 $1 Bxf1 24. Rxf1 Nb6 25. Ne3 Nc4 26. Nxc4 bxc4 27. Qg4 h6 28. h4
1-0